| 000 | 00862nam a2200289 a 4500 | ||
|---|---|---|---|
| 001 | vtls001192398 | ||
| 003 | NLI | ||
| 005 | 20210603151048.0 | ||
| 008 | 120328s1950 nyua f001 0 eng d | ||
| 039 | 9 |
_y201203281642 _zVLOAD |
|
| 040 |
_a NLI _b eng _c Entertech IMP - 2012 _e AACR2 |
||
| 041 | 0 | _aeng | |
| 044 | _anyu | ||
| 084 | _a135.H.1 | ||
| 100 | 1 |
_aApple, James M. _q(James MacGregor), _d1915- _9626155 |
|
| 245 | 1 | 0 |
_aPlant layout and materials handling/ _cJames M. Apple |
| 260 |
_aNew York: _bRonald Press, _c1950 |
||
| 300 |
_axiv, 367 p.: _bill.; _c23 cm. |
||
| 650 | 0 |
_aFactories _xDesign and construction _968110 |
|
| 650 | 0 | _aMaterials handling | |
| 650 | 0 |
_aMaterials management _94064 |
|
| 887 | _a | ||
| 901 |
_a298316: _b26.03.1954 |
||
| 902 | _a135.H.1 | ||
| 942 |
_2ddc _cBKS |
||
| 949 |
_AVIRTUAITEM _D10000 _X100 _6IMP000298316ENG |
||
| 999 |
_c463535 _d463535 |
||